| 000 | 01148cam a2200337 i 4500 | ||
|---|---|---|---|
| 001 | 49153 | ||
| 005 | 20230411085959.0 | ||
| 008 | 071107b1950 cn a 000 0 fre | ||
| 035 | _a(OCoLC)ocm15965075 | ||
| 040 |
_aNLC _bfre _cNLC _dOCLCQ |
||
| 016 | _a850021499 | ||
| 029 | 0 |
_aNLC _b850021499 |
|
| 035 | _a(OCoLC)15965075 | ||
| 043 | _anwht--- | ||
| 055 | 0 | 0 |
_a110 BX 4363 _bB379a 1950 |
| 082 | 0 | 0 | _a266/.27294 |
| 049 | _aGRAL | ||
| 100 | 1 | _aBeaumont-La-Ronce, Helene de. | |
| 245 | 1 | 4 |
_aUne aurore sous les tropiques ou Les Soeurs de Saint-Francois d'Assise en Haiti / _cHelene de Beaumont-La-Ronce ; preface par Ambroise Leblanc. |
| 250 | _a2a ed. | ||
| 260 |
_a[Montreal] : _bTherien Freres, _c1950. |
||
| 300 |
_a327 p. : _bill., portr. ; _c25 cm. |
||
| 504 | _aBibliogr.: p. [8]. | ||
| 610 | 2 | 6 |
_aSoeurs de Saint-Francois d'Assise _xMissions _zHaiti _xHistoire. |
| 610 | 2 | 0 |
_aCatholic Church _xMissions _zHaiti. |
| 610 | 2 | 0 |
_aSisters of St. Francis of Assisi _xMissions _zHaiti _xHistory. |
| 740 | 0 | 1 | _aSoeurs de Saint-Francois d'Assise en Haiti. |
| 650 | 4 | _aCEH | |
| 650 | 4 | _aColeccion Estudios Haitianos | |
| 942 |
_2lcc _cbk |
||
| 999 |
_c110399 _d110399 |
||